[Event "London Crouch op"]
[Site "London"]
[Date "2016.04.03"]
[Round "2"]
[White "Kolodkin, Daniil"]
[Black "Young, Daniel"]
[Result "1/2-1/2"]
[WhiteElo "2104"]
[BlackElo "1807"]
[PlyCount "71"]
[EventDate "2016.04.02"]
[EventType "swiss"]
[EventRounds "9"]
[EventCountry "ENG"]
[SourceTitle "CBM 171 Extra"]
[Source "ChessBase"]
[SourceDate "2016.04.26"]
[SourceVersion "1"]
[SourceVersionDate "2016.04.26"]
[SourceQuality "1"]

1. e4 c5 2. Ne2 d6 3. g3 Nc6 4. Bg2 g6 5. c3 Bg7 6. d4 cxd4 7. cxd4 Nh6 8. Nbc3 0-0 9. 0-0 f5 10. Bxh6 Bxh6 11. exf5 Rxf5 12. d5 Ne5 13. Nd4 Rf7 14. f4 Ng4 15. Qd2 Bg7 16. Nce2 Qb6 17. Kh1 Bd7 18. h3 Nf6 19. g4 Re8 20. f5 gxf5 21. Nxf5 Bxf5 22. Rxf5 Ref8 23. Ng3 Nd7 24. Raf1 Qxb2 25. Qg5 Ne5 26. Nh5 Ng6 27. Nxg7 Qxg7 28. Qe3 Rxf5 29. gxf5 Ne5 30. Be4 Kh8 31. Rg1 Qf6 32. Qxa7 Qh4 33. Qe3 Rg8 34. Rxg8+ Kxg8 35. Kg2 Kf7 36. Bf3 1/2-1/2

[Event "Maribor Pirc Memorial op 19th"]
[Site "Maribor"]
[Date "2015.06.30"]
[Round "7"]
[White "Kolodkin, Daniil"]
[Black "Suta, Andraz"]
[Result "1/2-1/2"]
[WhiteElo "2208"]
[BlackElo "2040"]
[PlyCount "101"]
[EventDate "2015.06.25"]
[EventType "swiss"]
[EventRounds "9"]
[EventCountry "SLO"]
[SourceTitle "CBM 167 Extra"]
[Source "ChessBase"]
[SourceDate "2015.09.14"]
[SourceVersion "1"]
[SourceVersionDate "2015.09.14"]
[SourceQuality "1"]

1. e4 e5 2. Nf3 Nc6 3. Bb5 Nd4 4. Nxd4 exd4 5. Bc4 Nf6 6. 0-0 c6 7. Qe2 d6 8. b3 b5 9. Bd3 g6 10. Bb2 Qb6 11. e5 Nd5 12. exd6+ Be6 13. Qe5 Rg8 14. Qxd4 c5 15. Qe4 0-0-0 16. a4 b4 17. a5 Qxd6 18. Be5 Qc6 19. c4 f5 20. Qe2 Ne7 21. a6 Qb6 22. Re1 Nc6 23. Qf3 Bd6 24. Bf6 Rde8 25. Bf1 Bf7 26. Re3 Ne5 27. Qa8+ Kc7 28. Qb7+ Qxb7 29. axb7 Kxb7 30. Bxe5 Bxe5 31. Ra5 Bd4 32. Be2 a6 33. Rxe8 Rxe8 34. Kf1 g5 35. h3 h5 36. d3 g4 37. Nd2 Be6 38. Ra2 f4 39. Ne4 gxh3 40. g3 fxg3 41. Nd6+ Kb6 42. Nxe8 h2 43. Kg2 Bh3+ 44. Kh1 Bxf2 45. Bf3 h4 46. Nd6 Bf1 47. Ne4 Be3 48. Nf6 Bd4 49. Nd5+ Ka7 50. Nf4 h3 51. Rd2 1/2-1/2

[Event "Maribor Pirc Memorial op 19th"]
[Site "Maribor"]
[Date "2015.06.28"]
[Round "4"]
[White "Akesson, Ralf"]
[Black "Kolodkin, Daniil"]
[Result "1-0"]
[WhiteElo "2428"]
[BlackElo "2208"]
[PlyCount "39"]
[EventDate "2015.06.25"]
[EventType "swiss"]
[EventRounds "9"]
[EventCountry "SLO"]
[SourceTitle "CBM 167 Extra"]
[Source "ChessBase"]
[SourceDate "2015.09.14"]
[SourceVersion "1"]
[SourceVersionDate "2015.09.14"]
[SourceQuality "1"]

1. d4 Nf6 2. c4 g6 3. Nc3 d5 4. cxd5 Nxd5 5. Bd2 Bg7 6. e4 Nb6 7. Be3 0-0 8. h3 Nc6 9. Nf3 Na5 10. Rc1 Nac4 11. Bf4 c6 12. Be2 h6 13. 0-0 g5 14. Bh2 g4 15. hxg4 Bxg4 16. b3 Na3 17. Ne5 Bxe2 18. Nxe2 e6 19. Rc3 Qh4 20. Bf4 1-0

[Event "Maribor Pirc Memorial op 19th"]
[Site "Maribor"]
[Date "2015.06.26"]
[Round "2"]
[White "Kolodkin, Daniil"]
[Black "Cvitan, Ognjen"]
[Result "1/2-1/2"]
[WhiteElo "2208"]
[BlackElo "2495"]
[PlyCount "48"]
[EventDate "2015.06.25"]
[EventType "swiss"]
[EventRounds "9"]
[EventCountry "SLO"]
[SourceTitle "CBM 167 Extra"]
[Source "ChessBase"]
[SourceDate "2015.09.14"]
[SourceVersion "1"]
[SourceVersionDate "2015.09.14"]
[SourceQuality "1"]

1. e4 c5 2. Nf3 d6 3. Bb5+ Bd7 4. Bxd7+ Qxd7 5. c4 g6 6. d4 cxd4 7. Nxd4 Nf6 8. Nc3 Bg7 9. f3 0-0 10. Be3 Nc6 11. 0-0 a6 12. Qd3 Rfc8 13. b3 Rab8 14. Nxc6 Rxc6 15. Rad1 Qe8 16. Bd4 Rcc8 17. e5 dxe5 18. Bxe5 Rd8 19. Qe2 Rxd1 20. Rxd1 Rd8 21. Bxf6 Rxd1+ 22. Qxd1 Bxf6 23. Ne4 Be5 24. Qd5 Qb8 1/2-1/2

[Event "Paleochora op 7th"]
[Site "Paleochora"]
[Date "2014.07.26"]
[Round "7"]
[White "Kolodkin, Daniil"]
[Black "Kourkoulos Arditis, Stamatis"]
[Result "0-1"]
[WhiteElo "2052"]
[BlackElo "2330"]
[PlyCount "76"]
[EventDate "2014.07.21"]
[EventType "swiss"]
[EventRounds "9"]
[EventCountry "GRE"]
[SourceTitle "CBM 161 Extra"]
[Source "ChessBase"]
[SourceDate "2014.08.29"]
[SourceVersion "1"]
[SourceVersionDate "2014.08.29"]
[SourceQuality "1"]

1. e4 c5 2. Nf3 e6 3. d4 cxd4 4. Nxd4 Nc6 5. Nc3 Qc7 6. Be3 a6 7. Qf3 Nge7 8. Qg3 Qxg3 9. hxg3 Nxd4 10. Bxd4 b5 11. Bc5 Nc6 12. Bxf8 Kxf8 13. 0-0-0 Ke7 14. Be2 Bb7 15. Rd2 d6 16. a4 b4 17. Nd1 e5 18. Ne3 Nd4 19. f3 Rac8 20. Bc4 h6 21. b3 Rc5 22. g4 a5 23. Rhd1 h5 24. Nf5+ Nxf5 25. gxf5 Rh6 26. Rh1 h4 27. Kb2 Bc6 28. c3 bxc3+ 29. Kxc3 Rh8 30. Rb2 Kf6 31. b4 axb4+ 32. Rxb4 d5 33. exd5 Bxd5 34. Kb3 Rxc4 35. Rxc4 Bxc4+ 36. Kxc4 Kxf5 37. a5 Kf4 38. a6 Kg3 0-1

[Event "Delft Prinsenstad op-A 7th"]
[Site "Delft"]
[Date "2014.04.20"]
[Round "5"]
[White "Kerigan, Demre"]
[Black "Kolodkin, Daniil"]
[Result "1-0"]
[WhiteElo "2327"]
[BlackElo "2051"]
[PlyCount "45"]
[EventDate "2014.04.18"]
[EventType "swiss"]
[EventRounds "6"]
[EventCountry "NED"]
[SourceTitle "CBM 159 Extra"]
[Source "ChessBase"]
[SourceDate "2014.04.24"]
[SourceVersion "1"]
[SourceVersionDate "2014.04.24"]
[SourceQuality "1"]

1. e4 c5 2. Nf3 d6 3. Bb5+ Nd7 4. 0-0 a6 5. Bd3 Ngf6 6. c3 b5 7. Bc2 Bb7 8. Re1 Qc7 9. d4 cxd4 10. cxd4 Rc8 11. Bb3 Nxe4 12. Nbd2 Ndf6 13. Nxe4 Nxe4 14. Bf4 g6 15. Qd3 Nf6 16. Rac1 Qd7 17. Rxc8+ Bxc8 18. Qc3 Bb7 19. Ng5 Bd5 20. Be5 dxe5 21. dxe5 Bg7 22. exf6 Bxf6 23. Qxf6 1-0

[Event "Leiden LCT op-A 7th"]
[Site "Leiden"]
[Date "2013.07.13"]
[Round "2"]
[White "Klop, Tjomme"]
[Black "Kolodkin, Daniil"]
[Result "1-0"]
[WhiteElo "2069"]
[BlackElo "1979"]
[PlyCount "45"]
[EventDate "2013.07.12"]
[EventType "swiss"]
[EventRounds "9"]
[EventCountry "NED"]
[SourceTitle "CBM 155 Extra"]
[Source "ChessBase"]
[SourceDate "2013.08.26"]
[SourceVersion "1"]
[SourceVersionDate "2013.08.26"]
[SourceQuality "1"]

1. d4 Nf6 2. c4 g6 3. Nc3 d5 4. Nf3 Bg7 5. Bg5 Ne4 6. cxd5 Nxg5 7. Nxg5 e6 8. Qd2 exd5 9. Qe3+ Kf8 10. Qf4 Bf6 11. h4 h6 12. Nf3 Kg7 13. 0-0-0 g5 14. hxg5 hxg5 15. Rxh8 Kxh8 16. Qh2+ Kg7 17. e4 g4 18. Ne5 Bg5+ 19. Kb1 f6 20. f4 Bh6 21. Qxh6+ Kxh6 22. Nf7+ Kg7 23. Nxd8 1-0

[Event "Hoogeveen Unive op 16th"]
[Site "Hoogeveen"]
[Date "2012.10.26"]
[Round "8"]
[White "Kolodkin, Daniil"]
[Black "Hovenga, Alje"]
[Result "1/2-1/2"]
[WhiteElo "1943"]
[BlackElo "2246"]
[PlyCount "186"]
[EventDate "2012.10.19"]
[EventType "swiss"]
[EventRounds "9"]
[EventCountry "NED"]
[SourceTitle "EXT 2013"]
[Source "ChessBase"]
[SourceDate "2012.11.22"]
[SourceVersion "1"]
[SourceVersionDate "2012.11.22"]
[SourceQuality "1"]

1. e4 c6 2. d4 d5 3. Nc3 dxe4 4. Nxe4 Nd7 5. Ng5 Ngf6 6. Bd3 e6 7. N1f3 Bd6 8. Qe2 h6 9. Ne4 Nxe4 10. Qxe4 Qc7 11. 0-0 b6 12. Qg4 Kf8 13. b3 Nf6 14. Qh4 Bb7 15. Bb2 Nd5 16. Rad1 Nf4 17. g3 Nxd3 18. Rxd3 Be7 19. Qh5 Bf6 20. Ne5 a5 21. Ba3+ Kg8 22. Bd6 Qxd6 23. Qxf7+ Kh7 24. Qg6+ Kg8 25. Qf7+ Kh7 26. Qxb7 Rhb8 27. Qd7 Rd8 28. Qxd6 Rxd6 29. Nc4 Rxd4 30. Nxb6 Rxd3 31. cxd3 Ra6 32. Nd7 Bd4 33. Nf8+ Kg8 34. Nxe6 Bf6 35. Nc5 Ra8 36. Rc1 Re8 37. Ne4 Be7 38. Rxc6 Rd8 39. Kf1 Rxd3 40. Ke2 Rd5 41. Ra6 Bb4 42. h4 h5 43. Rg6 Be7 44. Rb6 Kf7 45. a4 Re5 46. Kd3 Rd5+ 47. Kc4 Rd1 48. Ng5+ Ke8 49. Rb5 Rc1+ 50. Kd3 Bb4 51. Ne4 g6 52. Ke3 Ke7 53. Kf4 Re1 54. Nc5 Re2 55. Kf3 Rb2 56. Kg2 Rb1 57. Nb7 Rb2 58. Nxa5 Be1 59. Kf1 Bxf2 60. Nc4 Ra2 61. Rg5 Bd4 62. Ne5 Kf6 63. Nxg6 Rf2+ 64. Ke1 Rb2 65. Nf4 Rxb3 66. Nxh5+ Kf7 67. Ke2 Ra3 68. Ra5 Bc3 69. Ra6 Be5 70. Kf2 Bd4+ 71. Kg2 Kg8 72. Kh3 Kf7 73. Kg4 Be5 74. Nf4 Bd4 75. Nh5 Be5 76. Kf5 Bd4 77. g4 Rf3+ 78. Nf4 Be3 79. Rf6+ Kg7 80. h5 Rf1 81. h6+ Kg8 82. a5 Ra1 83. Kg6 Bc5 84. a6 Be7 85. Re6 Bf8 86. h7+ Kh8 87. Re8 Rxa6+ 88. Ne6 Ra8 89. Kf7 Rxe8 90. Kxe8 Bh6 91. Nf8 Kg7 92. Ke7 Bc1 93. Ke6 Ba3 1/2-1/2

[Event "Krakow op"]
[Site "Krakow"]
[Date "2012.05.06"]
[Round "9"]
[White "Kolodkin, Daniil"]
[Black "Parol, Pawel"]
[Result "0-1"]
[WhiteElo "1926"]
[BlackElo "1933"]
[PlyCount "50"]
[EventDate "2012.04.29"]
[EventType "swiss"]
[EventRounds "9"]
[EventCountry "POL"]
[SourceTitle "CBM 148 Extra"]
[Source "ChessBase"]
[SourceDate "2012.06.22"]
[SourceVersion "1"]
[SourceVersionDate "2012.06.22"]
[SourceQuality "1"]

1. e4 e6 2. d4 d5 3. Nc3 Nf6 4. e5 Nfd7 5. f4 c5 6. Nf3 Nc6 7. Be3 cxd4 8. Nxd4 Bc5 9. Qd2 0-0 10. 0-0-0 a6 11. g4 Nxd4 12. Bxd4 b5 13. f5 b4 14. Bxc5 Nxc5 15. Ne2 a5 16. Qe3 Ne4 17. Ng3 exf5 18. Nxf5 Re8 19. Bg2 Bxf5 20. gxf5 Rxe5 21. Qf4 Qf6 22. Rhf1 Rc8 23. Bxe4 Rxe4 24. Qf3 Rec4 25. Rf2 a4 0-1

[Event "Krakow op"]
[Site "Krakow"]
[Date "2012.05.04"]
[Round "7"]
[White "Kolodkin, Daniil"]
[Black "Kosturkiewicz, Jacek"]
[Result "0-1"]
[WhiteElo "1926"]
[BlackElo "2012"]
[PlyCount "38"]
[EventDate "2012.04.29"]
[EventType "swiss"]
[EventRounds "9"]
[EventCountry "POL"]
[SourceTitle "CBM 148 Extra"]
[Source "ChessBase"]
[SourceDate "2012.06.22"]
[SourceVersion "1"]
[SourceVersionDate "2012.06.22"]
[SourceQuality "1"]

1. e4 c5 2. Ne2 d6 3. g3 Nc6 4. Bg2 g6 5. c3 Bg7 6. d4 cxd4 7. cxd4 Qb6 8. Be3 Qxb2 9. Nbc3 Nxd4 10. Bxd4 Bxd4 11. Nd5 Qxa1 12. Qxa1 Bxa1 13. Nc7+ Kd8 14. Nxa8 Bb2 15. 0-0 Nf6 16. Rb1 Ba3 17. Rb3 Bc5 18. h3 e5 19. Nc3 b6 0-1

[Event "Krakow op"]
[Site "Krakow"]
[Date "2012.05.03"]
[Round "5"]
[White "Kolodkin, Daniil"]
[Black "Jablonska, Sabina"]
[Result "0-1"]
[WhiteElo "1926"]
[BlackElo "1960"]
[PlyCount "96"]
[EventDate "2012.04.29"]
[EventType "swiss"]
[EventRounds "9"]
[EventCountry "POL"]
[SourceTitle "CBM 148 Extra"]
[Source "ChessBase"]
[SourceDate "2012.06.22"]
[SourceVersion "1"]
[SourceVersionDate "2012.06.22"]
[SourceQuality "1"]

1. e4 c5 2. Ne2 d6 3. g3 Nc6 4. c3 Ne5 5. Bg2 Nd3+ 6. Kf1 Qc7 7. Nf4 Nxc1 8. Qxc1 Nf6 9. Na3 e5 10. Ne2 Be6 11. c4 a6 12. Nc3 Rb8 13. b3 Bd7 14. Nc2 b5 15. Ne3 Bc6 16. d3 b4 17. Ncd5 Nxd5 18. cxd5 Bb5 19. Ke2 g6 20. h4 h5 21. Bh3 Bg7 22. g4 Qe7 23. g5 Rf8 24. Rg1 f5 25. exf5 e4 26. f6 Bxf6 27. gxf6 Qxf6 28. Rg2 Qf3+ 29. Kd2 Qxh3 30. dxe4 Qxh4 31. Qe1 Qf6 32. e5 dxe5 33. Nc4 Qf4+ 34. Qe3 Bxc4 35. bxc4 Qxe3+ 36. fxe3 Rb6 37. Ke2 a5 38. Rg5 Rf5 39. Rag1 Kf7 40. Rxf5+ gxf5 41. Rg5 Kf6 42. Rxh5 Kg6 43. Rh1 a4 44. Rd1 Kf7 45. Kd3 Rh6 46. Rd2 Rh3 47. d6 Ke6 48. Kc2 Kd7 0-1

[Event "NED-ch U15"]
[Site "Haarlem"]
[Date "2011.05.04"]
[Round "5"]
[White "Looijer, Dave"]
[Black "Kolodkin, Daniil"]
[Result "1-0"]
[WhiteElo "1843"]
[BlackElo "1832"]
[PlyCount "53"]
[EventDate "2011.04.30"]
[EventType "swiss"]
[EventRounds "9"]
[EventCountry "NED"]
[SourceTitle "EXT 2012"]
[Source "ChessBase"]
[SourceDate "2011.11.24"]
[SourceVersion "1"]
[SourceVersionDate "2011.11.24"]
[SourceQuality "1"]

1. e4 c5 2. Nf3 d6 3. d4 cxd4 4. Nxd4 Nf6 5. Nc3 a6 6. Be2 g6 7. Be3 Bg7 8. Qd2 Nc6 9. f4 0-0 10. 0-0 Bd7 11. a4 Nxd4 12. Bxd4 Bc6 13. Bf3 e5 14. Be3 Re8 15. Rfe1 b5 16. a5 b4 17. Nd5 Bxd5 18. exd5 exf4 19. Bb6 Rxe1+ 20. Rxe1 Qc8 21. Qxf4 Qxc2 22. Qxb4 Ne8 23. b3 Be5 24. Rxe5 dxe5 25. d6 Qc1+ 26. Kf2 Qc2+ 27. Kg3 1-0

[Event "NED-ch U15"]
[Site "Haarlem"]
[Date "2011.05.02"]
[Round "3"]
[White "Van Harten, Maarten"]
[Black "Kolodkin, Daniil"]
[Result "1-0"]
[WhiteElo "1754"]
[BlackElo "1832"]
[PlyCount "71"]
[EventDate "2011.04.30"]
[EventType "swiss"]
[EventRounds "9"]
[EventCountry "NED"]
[SourceTitle "EXT 2012"]
[Source "ChessBase"]
[SourceDate "2011.11.24"]
[SourceVersion "1"]
[SourceVersionDate "2011.11.24"]
[SourceQuality "1"]

1. e4 c5 2. Nf3 d6 3. c3 Nf6 4. Be2 Nc6 5. d4 cxd4 6. cxd4 Nxe4 7. d5 Qa5+ 8. Nc3 Nxc3 9. bxc3 Ne5 10. 0-0 Nxf3+ 11. Bxf3 g6 12. Qd4 Rg8 13. Bg5 h6 14. Bd2 Bg7 15. Qe3 Qc5 16. Qe2 Rh8 17. Rfe1 Bf6 18. Rab1 Qc7 19. c4 Bf5 20. Be4 Bxe4 21. Qxe4 Kf8 22. Rb3 Rc8 23. Bc3 Bxc3 24. Rxc3 Qd7 25. Rce3 Rc7 26. Qd4 Rh7 27. h3 f6 28. Re6 b5 29. Qd3 Rg7 30. cxb5 Rc5 31. Qf3 Rxb5 32. Qe4 Qb7 33. Rxf6+ Kg8 34. Rxg6 Rxd5 35. Rxh6 Qb5 36. Qe6+ 1-0

[Event "NED-ch U15"]
[Site "Haarlem"]
[Date "2011.04.30"]
[Round "1"]
[White "Van den Bergh, Dennis"]
[Black "Kolodkin, Daniil"]
[Result "1/2-1/2"]
[WhiteElo "1402"]
[BlackElo "1832"]
[PlyCount "96"]
[EventDate "2011.04.30"]
[EventType "swiss"]
[EventRounds "9"]
[EventCountry "NED"]
[SourceTitle "EXT 2012"]
[Source "ChessBase"]
[SourceDate "2011.11.24"]
[SourceVersion "1"]
[SourceVersionDate "2011.11.24"]
[SourceQuality "1"]

1. e4 c5 2. Nf3 d6 3. Bb5+ Bd7 4. Nc3 Nf6 5. d3 e6 6. Bc4 a6 7. a4 Be7 8. 0-0 0-0 9. Re1 Bc6 10. Bb3 Nbd7 11. Bf4 Nh5 12. Be3 Qc7 13. Qe2 b5 14. axb5 axb5 15. Kh1 b4 16. Na2 d5 17. Ng5 Nhf6 18. Bd2 Bd6 19. exd5 exd5 20. c3 Rfe8 21. Qd1 h6 22. Nf3 Ng4 23. Rf1 bxc3 24. bxc3 d4 25. h3 Bxf3 26. Qxf3 Nge5 27. Qh5 Nf6 28. Qf5 Ra3 29. Rab1 Rb8 30. Nc1 Qd8 31. Re1 g6 32. Qf4 Nxd3 33. Qxh6 Nxe1 34. Qxg6+ Kh8 35. Qh6+ Nh7 36. Bxe1 c4 37. Bc2 d3 38. Nxd3 Rxb1 39. Nc1 f5 40. Bxb1 Qe7 41. Bd2 Ra1 42. Be3 Rxb1 43. Bd4+ Be5 44. Qe3 Kg8 45. Bxe5 Nf6 46. Bxf6 Qxf6 47. Qe8+ Qf8 48. Qg6+ Qg7 1/2-1/2